00552nam a2200169Ia 4500008004100000041000800041082001300049100001800062245003400080260003300114300000800147365001600155700001800171906003300189999001900222952014100241230718s9999 xx 000 0 und d aeng a624bNIT aNitsure S. P. aElements of Civil Engineering c1997bTechnical Publications a313 cRs.b150.00 aNitsure S. P. dB:4306-Dec-1998cCIVILb22.5 c297957d297957 01104070aCCEPbCCEPd1998-12-12eMbsfCIVILg127.50i43o624pCCEP-BK-9163r2023-07-18 00:00:00t22.5v150.00w1998-12-06yBKz009163